Larsen's human embryology. ( 4th ed.) (Record no. 64330)

MARC details
000 -LEADER
fixed length control field 01601nam a2200301 a 4500
008 - FIXED-LENGTH DATA ELEMENTS--GENERAL INFORMATION
fixed length control field 120221s2009 ||||||||||||||||| || u
020 ## - INTERNATIONAL STANDARD BOOK NUMBER
International Standard Book Number 9780443068119
050 ## - LIBRARY OF CONGRESS CALL NUMBER
Classification number QM 601 Lar
100 ## - MAIN ENTRY--PERSONAL NAME
Personal name Bleyl, Steven B
245 10 - TITLE STATEMENT
Title Larsen's human embryology. ( 4th ed.)
Statement of responsibility, etc. by Gary C. Schoenwolf
250 ## - EDITION STATEMENT
Edition statement 4th ed.
260 ## - PUBLICATION, DISTRIBUTION, ETC.
Place of publication, distribution, etc. Philadelphia, PA
Name of publisher, distributor, etc. Churchill Livingstone
Date of publication, distribution, etc. 2009
300 ## - PHYSICAL DESCRIPTION
Extent xix, 687p.: ill.
350 ## -
-- 84.95
500 ## - GENERAL NOTE
General note Bibliography
650 #3 - SUBJECT ADDED ENTRY--TOPICAL TERM
Topical term or geographic name entry element EMBRYONIC DEVELOPMENT
650 ## - SUBJECT ADDED ENTRY--TOPICAL TERM
Topical term or geographic name entry element FETAL DEVELOPMENT
650 ## - SUBJECT ADDED ENTRY--TOPICAL TERM
Topical term or geographic name entry element EMBRYOLOGY, HUMAN
650 ## - SUBJECT ADDED ENTRY--TOPICAL TERM
Topical term or geographic name entry element EMBRYOLOGY
700 ## - ADDED ENTRY--PERSONAL NAME
Personal name Schoenwolf, Gary C
700 ## - ADDED ENTRY--PERSONAL NAME
Personal name Francis-West, Philippa H
700 ## - ADDED ENTRY--PERSONAL NAME
Personal name Brauer, Philip R
995 ## -
-- SHORT LOAN BOOKS
-- 902416
-- CBU-SCHOOL OF MEDICINE LIBRARY (Ndola)
-- 0.00
-- QM 601 Lar
-- 2
-- AVAILABLE
-- Apr 16, 2014
-- 902416
-- Medical Library Open Access Collection
995 ## -
-- MEDICAL LIBRARY OPEN ACCESS
-- 901568
-- CBU-SCHOOL OF MEDICINE LIBRARY (Ndola)
-- 0.00
-- QM 601 Lar
-- 1
-- OUT
-- Jun 25, 2012
-- 901568
-- Medical Library Open Access Collection
995 ## -
-- MEDICAL LIBRARY OPEN ACCESS
-- 902417
-- CBU-SCHOOL OF MEDICINE LIBRARY (Ndola)
-- 0.00
-- QM 601 Lar
-- 3
-- AVAILABLE
-- Apr 16, 2014
-- 902417
-- Medical Library Open Access Collection
995 ## -
-- MICHAEL CHILUFYA SATA OPEN ACCESS
-- 902418
-- CBU-SCHOOL OF MEDICINE LIBRARY (Ndola)
-- 0.00
-- QM 601 Lar
-- 4
-- AVAILABLE
-- Apr 16, 2014
-- 902418
-- Medical Library Open Access Collection
995 ## -
-- MEDICAL LIBRARY OPEN ACCESS
-- 903294
-- CBU-SCHOOL OF MEDICINE LIBRARY (Ndola)
-- 84.95
-- QM 601 Lar
-- 5
-- OUT
-- Nov 30, 2015
-- 903294
-- Medical Library Open Access Collection
999 ## -
-- 64330
-- 64330
Holdings
Withdrawn status Lost status Source of classification or shelving scheme Damaged status Not for loan Permanent Location Current Location Shelving location Date acquired Total Checkouts Full call number Barcode Date last seen Copy number Price effective from Koha item type
          CBU-MICHAEL CHILUFYA SATA LIBRARY CBU-MICHAEL CHILUFYA SATA LIBRARY   02/10/2023   QM 601 Lar 902418 02/10/2023 4 02/10/2023 MONOGRAPH
          CBU-SCHOOL OF MEDICINE LIBRARY, NDOLA. CBU-SCHOOL OF MEDICINE LIBRARY, NDOLA.   02/10/2023   QM 601 Lar 902416 02/10/2023 1 02/10/2023 SHORT LOAN COLLECTION
          CBU-SCHOOL OF MEDICINE LIBRARY, NDOLA. CBU-SCHOOL OF MEDICINE LIBRARY, NDOLA.   02/10/2023   QM 601 Lar 901568 02/10/2023 2 02/10/2023 MONOGRAPH
          CBU-SCHOOL OF MEDICINE LIBRARY, NDOLA. CBU-SCHOOL OF MEDICINE LIBRARY, NDOLA.   02/10/2023   QM 601 Lar 902417 02/10/2023 3 02/10/2023 MONOGRAPH
          CBU-SCHOOL OF MEDICINE LIBRARY, NDOLA. CBU-SCHOOL OF MEDICINE LIBRARY, NDOLA.   02/10/2023   QM 601 Lar 903294 02/10/2023 5 02/10/2023 MONOGRAPH